<?xml version="1.0" encoding="UTF-8"?>
<record
    xmlns:xsi="http://www.w3.org/2001/XMLSchema-instance"
    xsi:schemaLocation="http://www.loc.gov/MARC21/slim http://www.loc.gov/standards/marcxml/schema/MARC21slim.xsd"
    xmlns="http://www.loc.gov/MARC21/slim">

  <leader>01030nam a22002057a 4500</leader>
  <datafield tag="999" ind1=" " ind2=" ">
    <subfield code="c">59050</subfield>
    <subfield code="d">59050</subfield>
  </datafield>
  <controlfield tag="005">20221114112412.0</controlfield>
  <controlfield tag="008">221114s2022en  xxu||||| |||| 00| 0 eng d</controlfield>
  <datafield tag="020" ind1=" " ind2=" ">
    <subfield code="a">978886762402</subfield>
  </datafield>
  <datafield tag="041" ind1=" " ind2=" ">
    <subfield code="a">eng</subfield>
    <subfield code="h">geo</subfield>
  </datafield>
  <datafield tag="080" ind1=" " ind2=" ">
    <subfield code="a">343.123.52 A-12</subfield>
  </datafield>
  <datafield tag="100" ind1=" " ind2=" ">
    <subfield code="a">Abashidze, Givi.</subfield>
    <subfield code="9">15793</subfield>
  </datafield>
  <datafield tag="245" ind1=" " ind2=" ">
    <subfield code="a">Prosecution as a prosectors s function and its implementation at the stage of investigation  :</subfield>
    <subfield code="b">Georgian model of discretionary criminal prosecution  /</subfield>
    <subfield code="c">Givi  Abashidze.</subfield>
  </datafield>
  <datafield tag="264" ind1=" " ind2=" ">
    <subfield code="a">[Tbilisi :]</subfield>
    <subfield code="b">Generis publishing,</subfield>
    <subfield code="c">2022.</subfield>
  </datafield>
  <datafield tag="300" ind1=" " ind2=" ">
    <subfield code="a">105 p.:</subfield>
    <subfield code="b">23 cm.</subfield>
  </datafield>
  <datafield tag="546" ind1=" " ind2=" ">
    <subfield code="a">&#x10E0;&#x10D4;&#x10D6;&#x10D8;&#x10E3;&#x10DB;&#x10D4; &#x10D8;&#x10DC;&#x10D2;&#x10DA;&#x10D8;&#x10E1;&#x10E3;&#x10E0; &#x10D3;&#x10D0; &#x10E0;&#x10E3;&#x10E1;&#x10E3;&#x10DA; &#x10D4;&#x10DC;&#x10D0;&#x10D6;&#x10D4;</subfield>
  </datafield>
  <datafield tag="653" ind1=" " ind2=" ">
    <subfield code="a">Prosecution as a prosectors s function and its implementation at the stage of investigation</subfield>
  </datafield>
  <datafield tag="653" ind1=" " ind2=" ">
    <subfield code="a">&#x10D3;&#x10D4;&#x10D5;&#x10DC;&#x10D0;, &#x10E0;&#x10DD;&#x10D2;&#x10DD;&#x10E0;&#x10EA; &#x10DE;&#x10E0;&#x10DD;&#x10D9;&#x10E3;&#x10E0;&#x10DD;&#x10E0;&#x10D8;&#x10E1; &#x10E4;&#x10E3;&#x10DC;&#x10E5;&#x10EA;&#x10D8;&#x10D0; &#x10D3;&#x10D0; &#x10DB;&#x10D8;&#x10E1;&#x10D8; &#x10D2;&#x10D0;&#x10DC;&#x10EE;&#x10DD;&#x10E0;&#x10EA;&#x10D8;&#x10D4;&#x10DA;&#x10D4;&#x10D1;&#x10D0; &#x10D2;&#x10D0;&#x10DB;&#x10DD;&#x10EB;&#x10D8;&#x10D4;&#x10D1;&#x10D8;&#x10E1; &#x10D4;&#x10E2;&#x10D0;&#x10DE;&#x10D6;&#x10D4;</subfield>
  </datafield>
  <datafield tag="653" ind1=" " ind2=" ">
    <subfield code="a">&#x10E1;&#x10D0;&#x10DB;&#x10D0;&#x10E0;&#x10D7;&#x10D0;&#x10DA;&#x10D8;</subfield>
  </datafield>
  <datafield tag="942" ind1=" " ind2=" ">
    <subfield code="2">udc</subfield>
    <subfield code="c">BK</subfield>
  </datafield>
  <datafield tag="952" ind1=" " ind2=" ">
    <subfield code="0">0</subfield>
    <subfield code="1">0</subfield>
    <subfield code="2">udc</subfield>
    <subfield code="4">0</subfield>
    <subfield code="6">34312352_A12</subfield>
    <subfield code="7">0</subfield>
    <subfield code="9">92930</subfield>
    <subfield code="a">CPL</subfield>
    <subfield code="b">CPL</subfield>
    <subfield code="c">GEN</subfield>
    <subfield code="d">2022-11-14</subfield>
    <subfield code="g">10.00</subfield>
    <subfield code="o">343.123.52 A-12</subfield>
    <subfield code="p">63135</subfield>
    <subfield code="r">2022-11-14</subfield>
    <subfield code="t">63135</subfield>
    <subfield code="w">2022-11-14</subfield>
    <subfield code="y">BK</subfield>
    <subfield code="z">10.00</subfield>
  </datafield>
</record>
